Normal view MARC view

Entry Personal Name

Number of records used in: 1

001 - CONTROL NUMBER

  • control field: 4632

003 - CONTROL NUMBER IDENTIFIER

  • control field: OSt

005 - DATE AND TIME OF LATEST TRANSACTION

  • control field: 20260210163855.0

008 - FIXED-LENGTH DATA ELEMENTS

  • fixed length control field: 260210|| aca||aabn | a|a d

040 ## - CATALOGING SOURCE

  • Original cataloging agency: OSt
  • Transcribing agency: OSt

100 ## - HEADING--PERSONAL NAME

  • Personal name: Wasmund, Sháá,
  • Dates associated with a name: 1972-

670 ## - SOURCE DATA FOUND

  • Source citation: Work cat.: (OSt)0: Wasmund, Sháá, 1972- author. https://isni.org/isni/000000011187158X, Stop talking, start doing :